=LDR 00000nam 2200000 4500 =001 INLIS000000000034970 =005 20251029105821 =035 ##$$a 0010-061300000034970 =008 251029###########################0#ind## =041 ##$$a ind =082 ##$$a 530.3 =090 ##$$a R.530.3, Sri e =100 ##$$a Sri Suyati =245 1#$$a Ensiklopedia fisika, Zat dan perubahan /$c Sri Suyati; Editor, Christina MM =260 ##$$a bekasi :$b Ganeca Exact,$c 2007 =300 ##$$a iv,44 hlm., Ilus., 25 cm : $b ilus ; $c 21 x 30 cm =650 #4$$a Fisika =700 #$$a Christina,MM =850 ##$$a NBPNMAT =020 ##$$a 978-979-571-490-3 =084 ##$$a 530.3 SRI e =990 ##$$a 16491649 =990 ##$$a 21009902 =990 ##$$a 11031103 =990 ##$$a 21009903 =990 ##$$a 21009902